Jardines místicos carmelitanos y su representación en la pintura del siglo XVIII (Record no. 8043)

MARC details
000 -CABECERA
campo de control de longitud fija 00842nam a2200217 a 4500
001 - NÚMERO DE CONTROL
campo de control BRCA_8375
005 - FECHA Y HORA DE LA ÚLTIMA TRANSACCIÓN
campo de control 20190320210244.0
008 - DATOS DE LONGITUD FIJA--INFORMACIÓN GENERAL
campo de control de longitud fija 210814s2014----mx-a######---#000-0#spa-#
041 ## - CÓDIGO DE LENGUA
Código de lengua del texto/banda sonora o título independiente spa
050 #4 - SIGNATURA TOPOGRÁFICA DE LA BIBLIOTECA DEL CONGRESO
Número de documento/Ítem F56 2014
100 1# - ENTRADA PRINCIPAL--NOMBRE DE PERSONA
Nombre de persona Flores Enríquez, Alejandra Mayela
9 (RLIN) 20986
245 10 - MENCIÓN DE TÍTULO
Título Jardines místicos carmelitanos y su representación en la pintura del siglo XVIII
Resto del título alegorías de la perfección monjil.
260 ## - PUBLICACIÓN, DISTRIBUCIÓN, ETC.
Lugar de publicación, distribución, etc. Ciudad de México
Fecha de publicación, distribución, etc. 2014
300 ## - DESCRIPCIÓN FÍSICA
Extensión 133 p.
Otras características físicas il. (algunas a color)
Dimensiones 24 cm.
502 ## - NOTA DE TESIS
Nota de tesis Tesis Maestría (Maestra en Historia del Arte) UNAM, Posgrado en Historia del Arte, Facultad de Filosofía y Letras, Instituto de Investigaciones Estéticas
650 14 - PUNTO DE ACCESO ADICIONAL DE MATERIA--TÉRMINO DE MATERIA
Término de materia o nombre geográfico como elemento de entrada Jardines místicos
9 (RLIN) 20987
650 14 - PUNTO DE ACCESO ADICIONAL DE MATERIA--TÉRMINO DE MATERIA
Término de materia o nombre geográfico como elemento de entrada Pintura
Subdivisión cronológica Siglo XVIII
9 (RLIN) 20988
700 1# - PUNTO DE ACCESO ADICIONAL--NOMBRE DE PERSONA
Nombre de persona Cuadriello, Jaime
Término indicativo de función/relación Tutor
9 (RLIN) 4695
902 ## - CATALOGADOR
Iniciales TES
942 ## - ELEMENTOS DE PUNTO DE ACCESO ADICIONAL (KOHA)
Fuente del sistema de clasificación o colocación Library of Congress Classification
Tipo de ítem Koha Tesis
Holdings
Estado de retiro Estado de pérdida Estado dañado No para préstamo Localización permanente Ubicación/localización actual Fecha de adquisición Total de préstamos Signatura topográfica completa Código de barras Fecha visto por última vez Precio válido a partir de Tipo de ítem Koha
El ejemplar forma parte de la colección y puede ser consultado según las políticas vigentes.       Biblioteca del Museo Franz Mayer (Rogerio Casas-Alatriste) Biblioteca del Museo Franz Mayer (Rogerio Casas-Alatriste) 21/08/2014   F56 2014 TES00058 22/03/2019 22/03/2019 Tesis